[Event "Valeria del Mar op"]
[Site "Valeria del Mar"]
[Date "2019.09.08"]
[Round "5.4"]
[White "Gimenez, Dante"]
[Black "Walsh, Hector"]
[Result "1/2-1/2"]
[WhiteElo "1864"]
[BlackElo "2076"]
[PlyCount "59"]
[EventDate "2019.09.06"]
[EventType "swiss"]
[EventRounds "6"]
[EventCountry "ARG"]
[SourceTitle "EXT 2024"]
[Source "ChessBase"]
[SourceDate "2023.10.10"]
[SourceVersion "1"]
[SourceVersionDate "2023.10.10"]
[SourceQuality "1"]

1. c4 g6 2. g3 Bg7 3. Bg2 d6 4. Nc3 Nf6 5. e4 0-0 6. Nge2 c5 7. d3 Nc6 8. 0-0 Bd7 9. Bg5 h6 10. Be3 Qc8 11. f3 Bh3 12. Bxh3 Qxh3 13. Nf4 Qd7 14. Rb1 e6 15. a3 a5 16. Qd2 Kh7 17. Nfe2 Rac8 18. Na4 Qc7 19. Nec3 b6 20. Nb5 Qb8 21. Bf4 Rfd8 22. g4 Ne8 23. Nac3 Qb7 24. Kg2 Qe7 25. h4 Nf6 26. Rh1 Rd7 27. Rbe1 Qf8 28. Na4 Qd8 29. Nac3 Qf8 30. Qf2 1/2-1/2

[Event "Valeria del Mar op"]
[Site "Valeria del Mar"]
[Date "2019.09.07"]
[Round "4.5"]
[White "Walsh, Hector"]
[Black "Iniguez, Miguel Angel1111"]
[Result "1-0"]
[WhiteElo "2076"]
[BlackElo "1140"]
[PlyCount "55"]
[EventDate "2019.09.06"]
[EventType "swiss"]
[EventRounds "6"]
[EventCountry "ARG"]
[SourceTitle "EXT 2024"]
[Source "ChessBase"]
[SourceDate "2023.10.10"]
[SourceVersion "1"]
[SourceVersionDate "2023.10.10"]
[SourceQuality "1"]

1. e4 e5 2. Nf3 Nc6 3. Bc4 Nf6 4. d4 d6 5. dxe5 dxe5 6. Qxd8+ Nxd8 7. 0-0 Be6 8. Nxe5 Ng4 9. Bxe6 Nxe5 10. Bb3 Ndc6 11. Nc3 Bd6 12. f4 Bc5+ 13. Kh1 Nd7 14. Na4 Bd6 15. Be3 0-0 16. Rad1 Rfe8 17. e5 Bb4 18. Rxd7 Ba5 19. Bxf7+ Kf8 20. Bc5+ Ne7 21. Bxe8 Rxe8 22. b4 Bb6 23. Nxb6 axb6 24. Bxe7+ Kf7 25. f5 Rxe7 26. Rxe7+ Kxe7 27. f6+ Kf7 28. fxg7+ 1-0

[Event "Pinamar U2200 1st"]
[Site "Pinamar"]
[Date "2019.05.04"]
[Round "3.2"]
[White "Soraire, David"]
[Black "Walsh, Hector"]
[Result "0-1"]
[WhiteElo "1751"]
[BlackElo "2064"]
[PlyCount "52"]
[EventDate "2019.05.03"]
[EventType "swiss"]
[EventRounds "6"]
[EventCountry "ARG"]
[SourceTitle "EXT 2024"]
[Source "ChessBase"]
[SourceDate "2023.10.10"]
[SourceVersion "1"]
[SourceVersionDate "2023.10.10"]
[SourceQuality "1"]

1. e4 d6 2. Bc4 Nf6 3. Nc3 g6 4. f4 Bg7 5. Nf3 0-0 6. d3 c6 7. Bb3 Nbd7 8. f5 gxf5 9. exf5 Nc5 10. Nh4 a5 11. a3 Nxb3 12. cxb3 Qb6 13. Qe2 Qd4 14. Nf3 Qg4 15. 0-0 Bxf5 16. Be3 Qh5 17. Rad1 Ng4 18. Bg5 Bd4+ 19. Kh1 Nxh2 20. Nxh2 Qxg5 21. Ne4 Qg6 22. Rf3 Be5 23. Nf2 Kh8 24. g4 Be6 25. Re3 Bd4 26. Rg3 Bxb2 0-1

[Event "Mar de Ajo op"]
[Site "Mar de Ajo"]
[Date "2018.10.28"]
[Round "5.2"]
[White "Cappelletti, Gabriel"]
[Black "Walsh, Hector"]
[Result "0-1"]
[WhiteElo "1769"]
[BlackElo "2063"]
[PlyCount "66"]
[EventDate "2018.10.26"]
[EventType "swiss"]
[EventRounds "6"]
[EventCountry "ARG"]
[SourceTitle "EXT 2024"]
[Source "ChessBase"]
[SourceDate "2023.10.10"]
[SourceVersion "1"]
[SourceVersionDate "2023.10.10"]
[SourceQuality "1"]

1. e4 d6 2. d4 Nf6 3. Nc3 g6 4. Bg5 Nbd7 5. f4 c6 6. Nf3 b5 7. Bd3 Bg7 8. Qe2 b4 9. Nd1 0-0 10. 0-0 Qb6 11. Kh1 a5 12. c4 bxc3 13. Nxc3 e5 14. fxe5 dxe5 15. Nxe5 Nxe5 16. dxe5 Ng4 17. Be7 Re8 18. Bd6 Nxe5 19. Bxe5 Bxe5 20. Rad1 Be6 21. Bc4 Rad8 22. Bxe6 Rxe6 23. Rf3 Rde8 24. Rdf1 Bxc3 25. Rxc3 Rxe4 26. Qf3 f5 27. h3 Qxb2 28. Rxc6 Qxa2 29. Qc3 Re3 30. Qc5 Re2 31. Rc8 Rxc8 32. Qxc8+ Kg7 33. Qb7+ Qf7 0-1

[Event "Mar de Ajo op"]
[Site "Mar de Ajo"]
[Date "2018.10.26"]
[Round "1.3"]
[White "Walsh, Hector"]
[Black "Berdun, Juan"]
[Result "1-0"]
[WhiteElo "2063"]
[BlackElo "1538"]
[PlyCount "45"]
[EventDate "2018.10.26"]
[EventType "swiss"]
[EventRounds "6"]
[EventCountry "ARG"]
[SourceTitle "EXT 2024"]
[Source "ChessBase"]
[SourceDate "2023.10.10"]
[SourceVersion "1"]
[SourceVersionDate "2023.10.10"]
[SourceQuality "1"]

1. e4 d6 2. d4 Nf6 3. Nc3 c6 4. f4 Bg4 5. Qd3 Na6 6. h3 Bd7 7. Be3 e6 8. Nf3 Nh5 9. g4 Ng3 10. Rg1 Nxf1 11. Rxf1 Be7 12. 0-0-0 Qa5 13. Kb1 b5 14. f5 b4 15. Ne2 c5 16. fxe6 fxe6 17. Bg5 c4 18. Qxc4 Bb5 19. Qxe6 Qc7 20. Ne5 dxe5 21. Rf7 Bxe2 22. Rxe7+ Kd8 23. Re8# 1-0

[Event "Mar de Ajo op 4th"]
[Site "Mar de Ajo"]
[Date "2017.11.04"]
[Round "2"]
[White "Walsh, Hector"]
[Black "Leskovar, Matias"]
[Result "0-1"]
[WhiteElo "2041"]
[BlackElo "2283"]
[PlyCount "68"]
[EventDate "2017.11.03"]
[EventType "swiss"]
[EventRounds "6"]
[EventCountry "ARG"]
[SourceTitle "CBM 181 Extra"]
[Source "ChessBase"]
[SourceDate "2017.12.12"]
[SourceVersion "1"]
[SourceVersionDate "2017.12.12"]
[SourceQuality "1"]

1. e4 e5 2. Nf3 Nc6 3. Bb5 g6 4. Nc3 Bg7 5. 0-0 Nge7 6. Nd5 0-0 7. c3 d6 8. d4 exd4 9. cxd4 Bg4 10. Nxe7+ Qxe7 11. Bxc6 bxc6 12. Re1 Bxf3 13. gxf3 Rab8 14. Qa4 Rb5 15. Bf4 Qf6 16. Be3 Qxf3 17. Qc2 Rh5 18. Qxc6 Qg4+ 19. Kf1 Rxh2 20. e5 dxe5 21. dxe5 Qh5 22. Kg1 Bxe5 23. Rac1 Qg4+ 24. Kf1 Bxb2 25. Rc4 Rh1+ 26. Qxh1 Qxc4+ 27. Kg1 Qxa2 28. Qc6 Qa5 29. Re2 Qe5 30. f4 Qf6 31. Qxc7 Bd4 32. Kg2 Qe6 33. f5 Qe4+ 34. Kf2 Re8 0-1

[Event "Santa Teresita op 2nd"]
[Site "Santa Teresita"]
[Date "2017.07.01"]
[Round "3"]
[White "Garcia, Ezequiel Alejandro"]
[Black "Walsh, Hector"]
[Result "1-0"]
[WhiteElo "2084"]
[BlackElo "2055"]
[PlyCount "101"]
[EventDate "2017.06.30"]
[EventType "swiss"]
[EventRounds "6"]
[EventCountry "ARG"]
[SourceTitle "EXT 2018"]
[Source "ChessBase"]
[SourceDate "2017.10.13"]
[SourceVersion "1"]
[SourceVersionDate "2017.10.13"]
[SourceQuality "1"]

1. d4 Nf6 2. c3 d5 3. e3 c5 4. f4 cxd4 5. exd4 Bf5 6. Nf3 Nc6 7. Bd3 Bxd3 8. Qxd3 e6 9. Nbd2 Bd6 10. Ne5 0-0 11. 0-0 Qc7 12. Rf3 Nd7 13. Rh3 f5 14. Nxd7 Qxd7 15. Nf3 Rab8 16. Bd2 b5 17. Re1 Rf6 18. Qe2 b4 19. Ng5 h6 20. Nxe6 bxc3 21. bxc3 Rb2 22. Rg3 Rxd2 23. Qxd2 Rxe6 24. Rxe6 Qxe6 25. Re3 Qg6 26. Qe2 Kf7 27. Qb5 Ne7 28. Qd7 Qf6 29. Qxa7 Bxf4 30. Re2 Bd6 31. Qd7 f4 32. a4 g5 33. a5 Bb8 34. a6 g4 35. a7 Bxa7 36. Qxa7 f3 37. gxf3 gxf3 38. Qxe7+ Qxe7 39. Rxe7+ Kxe7 40. Kf2 Kf6 41. Kxf3 Kf5 42. h3 h5 43. h4 Ke6 44. Ke2 Kf5 45. Ke3 Ke6 46. Kd3 Kd6 47. c4 dxc4+ 48. Kxc4 Kc6 49. Kd3 Kd5 50. Ke3 Kd6 51. Kf4 1-0

[Event "ARG-ch qual Amateur U2300"]
[Site "Pinamar"]
[Date "2016.08.28"]
[Round "5"]
[White "Walsh, Hector"]
[Black "Hobaica, Juan Pablo"]
[Result "0-1"]
[WhiteElo "2118"]
[BlackElo "2380"]
[PlyCount "100"]
[EventDate "2016.08.26"]
[EventType "swiss"]
[EventRounds "6"]
[EventCountry "ARG"]
[SourceTitle "EXT 2024"]
[Source "ChessBase"]
[SourceDate "2023.10.10"]
[SourceVersion "1"]
[SourceVersionDate "2023.10.10"]
[SourceQuality "1"]

1. e4 Nf6 2. e5 Nd5 3. d4 d6 4. c4 Nb6 5. exd6 exd6 6. Nc3 Be7 7. Bd3 0-0 8. Nge2 Nc6 9. Be3 Nb4 10. b3 Nxd3+ 11. Qxd3 c6 12. d5 c5 13. 0-0-0 Nd7 14. h3 a6 15. a4 b5 16. cxb5 axb5 17. Nxb5 Ba6 18. Nec3 Bxb5 19. Nxb5 c4 20. bxc4 Ne5 21. Qb3 Nxc4 22. Nd4 Na5 23. Qa2 Bf6 24. Rd3 Bxd4 25. Bxd4 Qg5+ 26. Qd2 Qxg2 27. Re1 Nc4 28. Qf4 Rfc8 29. Kd1 Qxd5 30. Qg3 g6 31. Re7 Qh5+ 32. f3 Qf5 33. f4 Rxa4 34. Qf3 Qb5 35. Rb7 Qf5 36. Bc3 Na5 37. Rd5 Qe6 38. Rxa5 Rac4 39. Bb2 Rc2 40. Raa7 Qc4 41. Ra1 Qc5 42. Re7 Rxb2 43. Qd3 Qg1+ 44. Re1 Qf2 45. Rb1 Rxb1+ 46. Qxb1 Qxf4 47. Re2 Qg3 48. Re1 Qxh3 49. Qe4 Qh5+ 50. Kd2 Qc5 0-1

[Event "ARG-ch qual Amateur U2300"]
[Site "Pinamar"]
[Date "2016.08.27"]
[Round "4"]
[White "Falcon, Lucas"]
[Black "Walsh, Hector"]
[Result "0-1"]
[WhiteElo "1795"]
[BlackElo "2118"]
[PlyCount "28"]
[EventDate "2016.08.26"]
[EventType "swiss"]
[EventRounds "6"]
[EventCountry "ARG"]
[SourceTitle "EXT 2024"]
[Source "ChessBase"]
[SourceDate "2023.10.10"]
[SourceVersion "1"]
[SourceVersionDate "2023.10.10"]
[SourceQuality "1"]

1. e4 c5 2. Nf3 d6 3. d4 cxd4 4. Nxd4 Nf6 5. Nc3 g6 6. f3 Bg7 7. Be3 0-0 8. Qd2 Nc6 9. Bc4 Bd7 10. 0-0-0 Rc8 11. Bb3 Ne5 12. h4 Nc4 13. Bxc4 Rxc4 14. h5 Qc7 0-1

[Event "ARG-ch qual Amateur U2300"]
[Site "Pinamar"]
[Date "2016.08.26"]
[Round "1"]
[White "Walsh, Hector"]
[Black "Soraire, David"]
[Result "1-0"]
[WhiteElo "2118"]
[BlackElo "1777"]
[PlyCount "37"]
[EventDate "2016.08.26"]
[EventType "swiss"]
[EventRounds "6"]
[EventCountry "ARG"]
[SourceTitle "EXT 2024"]
[Source "ChessBase"]
[SourceDate "2023.10.10"]
[SourceVersion "1"]
[SourceVersionDate "2023.10.10"]
[SourceQuality "1"]

1. e4 c5 2. Nf3 Nc6 3. d4 cxd4 4. Nxd4 Qa5+ 5. Nc3 Nf6 6. Nb3 Qh5 7. f3 a6 8. Be3 e6 9. a3 Be7 10. Qd2 d5 11. g4 Qg6 12. exd5 Nxd5 13. Nxd5 exd5 14. 0-0-0 Be6 15. h3 Ne5 16. f4 Qe4 17. fxe5 0-0 18. Bd3 Qxe5 19. Bf4 1-0

[Event "Pinamar op"]
[Site "Pinamar"]
[Date "2015.04.25"]
[Round "3"]
[White "Daneri, Martin"]
[Black "Walsh, Hector"]
[Result "0-1"]
[WhiteElo "2092"]
[BlackElo "2103"]
[PlyCount "74"]
[EventDate "2015.04.24"]
[EventType "swiss"]
[EventRounds "6"]
[EventCountry "ARG"]
[SourceTitle "CBM 166 Extra"]
[Source "ChessBase"]
[SourceDate "2015.06.18"]
[SourceVersion "1"]
[SourceVersionDate "2015.06.18"]
[SourceQuality "1"]

1. e4 c5 2. Nc3 g6 3. f4 Bg7 4. Nf3 d6 5. Bb5+ Bd7 6. a4 Nf6 7. 0-0 0-0 8. d3 Nc6 9. Qe1 Nd4 10. Nxd4 cxd4 11. Bxd7 dxc3 12. Bb5 a6 13. e5 dxe5 14. fxe5 Ng4 15. Qe4 Nxe5 16. Bf4 cxb2 17. Rab1 Ng4 18. Bc4 Qb6+ 19. Kh1 Nf2+ 20. Rxf2 Qxf2 21. Bb3 Rac8 22. Bg3 Qd2 23. Bf4 Qf2 24. Bg3 Qb6 25. Bf4 Qd4 26. Qf3 Rc6 27. Be3 Qb4 28. g3 e6 29. Kg2 Rfc8 30. Qf2 b5 31. axb5 Qxb5 32. d4 a5 33. Rxb2 a4 34. c4 Qb7 35. d5 exd5 36. cxd5 Bxb2 37. Qxb2 Rc2+ 0-1